Statistiken für Stadt zu Land #13

Klicken Sie hier um das Quiz zu spielen!

Allgemein

  • Dieses Quiz wurde 150 mal gespielt
  • Das Durchschnittsergebnis liegt bei 10 aus 15

Antwortstatistiken

StadtLand% Korrekt
IstanbulTürkei
98%
AalborgDänemark
95%
MalagaSpanien
89%
ÖrebroSchweden
84%
AlbuquerqueVereinigte Staaten
79%
AntananarivoMadagaskar
76%
AgadirMarokko
64%
AgraIndien
63%
AjaccioFrankreich
56%
Abu SimbelÄgypten
52%
AbottabadPakistan
47%
ApiaSamoa
45%
AkitaJapan
44%
HoniaraSalomoninseln
35%
AkabaJordanien
29%

Verteilung der Resultate

Perzentil nach korrekt beantworteten Fragen

Anzahl Personen mit jedem Resultat

Ihre Resultats-Entwicklung

Sie haben dieses Quiz noch nicht gespielt